Stress, stability, and chaos in structural engineering : an energy approach (Record no. 64878)

000 -LEADER
fixed length control field 00492nam a22001697a 4500
003 - CONTROL NUMBER IDENTIFIER
control field NUST - PNEC
005 - DATE AND TIME OF LATEST TRANSACTION
control field 20170116180858.0
008 - FIXED-LENGTH DATA ELEMENTS--GENERAL INFORMATION
fixed length control field 150831b xxu||||| |||| 00| 0 eng d
020 ## - INTERNATIONAL STANDARD BOOK NUMBER
International Standard Book Number 007707310x
040 ## - CATALOGING SOURCE
Transcribing agency LIBRARY
082 ## - DEWEY DECIMAL CLASSIFICATION NUMBER
Classification number 624.171 NAS
100 ## - MAIN ENTRY--PERSONAL NAME
9 (RLIN) 6141
Personal name Naschie El
245 ## - TITLE STATEMENT
Title Stress, stability, and chaos in structural engineering : an energy approach
Statement of responsibility, etc. M. S El Naschie
260 ## - PUBLICATION, DISTRIBUTION, ETC.
Date of publication, distribution, etc. c.1990
650 ## - SUBJECT ADDED ENTRY--TOPICAL TERM
9 (RLIN) 6142
Topical term or geographic name entry element Structural analysis (Engineering)
General subdivision EE, EL
942 ## - ADDED ENTRY ELEMENTS (KOHA)
Source of classification or shelving scheme
Koha item type Book
Holdings
Withdrawn status Lost status Source of classification or shelving scheme Damaged status Not for loan Permanent Location Current Location Shelving location Date acquired Total Checkouts Full call number Barcode Date last seen Price effective from Koha item type
          Pakistan Navy Engineering College (PNEC) Pakistan Navy Engineering College (PNEC)       624.171 NAS PNECLIB-018171 08/31/2015   Book
© 2023 Central Library, National University of Sciences and Technology. All Rights Reserved.